00349nam a22001337a 4500003000400000005001700004008004100021040002200062082001500084110002500099245002700124260004600151300001800197OSt20220916191528.0220916b |||||||| |||| 00| 0 eng d cBiblioteca Lado V a750bG575c aGobierno de Canarias aCanarias Dak'art 2004/ aIslas CanariasbGráficos Sabatearc2004 a79p.c22x22cm